Ahkaam-e-Roza/ (Record no. 34858)

MARC details
000 -LEADER
fixed length control field 00403nam a22001577a 4500
005 - DATE AND TIME OF LATEST TRANSACTION
control field 20240611141748.0
008 - FIXED-LENGTH DATA ELEMENTS--GENERAL INFORMATION
fixed length control field 231208b |||||||| |||| 00| 0 eng d
082 ## - DEWEY DECIMAL CLASSIFICATION NUMBER
Classification number 297.53
Item number ALA-A
100 ## - MAIN ENTRY--AUTHOR
Author Name Alam ,Fakri Allama
245 ## - TITLE STATEMENT
Title Ahkaam-e-Roza/
Statement of responsibility, etc. llama Alam Fakri
260 ## - PUBLICATION, DISTRIBUTION, ETC.
Place of Publication Lahore;
Name of publisher, distributor, etc. Shabbir Brothers;
Date of publication, distribution, etc. 1993.
300 ## - PHYSICAL DESCRIPTION
Pages 320 p.:
650 ## - SUBJECT ADDED ENTRY--TOPICAL TERM
Subject / Department Religion/Islam
300 ## - PHYSICAL DESCRIPTION
-- 20.8 cm.
952 ## - LOCATION AND ITEM INFORMATION (KOHA)
-- 0
-- 0
Holdings
Lost status Damaged status Collection code Permanent Location Current Location Shelving Location Date acquired Full Call Number Accession No./Barcode Date last seen item type Koha item type
    Literature/Urdu/eng/Islamic Superior Information Resource Center (SIRC) Superior University - City Campus Superior Information Resource Center (SIRC) Superior University - City Campus Islamic Studies 12/08/2023 297.53 ALA-A 1993 28257 12/08/2023 BOOK BOOK

Powered by Koha